| 000 | 00490nam a2200145 a 4500 | ||
|---|---|---|---|
| 001 | 000037760 | ||
| 005 | 20201002031118.0 | ||
| 008 | 130305s2012 dr ac 000 0 spa d | ||
| 020 | _a9789945164794 | ||
| 040 |
_aDO-SdBNP _bspa _cBNPHU |
||
| 100 | 1 |
_aPérez-Incháustegui, Josefina _955372 |
|
| 245 | 1 | 0 |
_aUniversitas siglo XXI : _bUASD II y recuerdos / _cJosefina Pérez-Inchástegui. |
| 260 |
_aSanto Domingo : _bUniversidad Autónoma de Santo Domingo, _c2012. |
||
| 300 |
_a69 p. : _bil., retr. |
||
| 999 |
_c37250 _d37250 |
||